Global stability of dynamical system

Salvato in:
Dettagli Bibliografici
Autori principali: Shub, Michael (Autore), Fathi, Albert (Autore), Langevin, Remi (Autore)
Natura: Libro
Lingua:inglese
Pubblicazione: Nueva York Springer-Verlag 1987
Soggetti:
Tags: Aggiungi Tag
Nessun Tag, puoi essere il primo ad aggiungerne!!

MARC

LEADER 00000nam a2200000 a 4500
001 UCW1160
003 CL-VaPUC
008 911024e19870000US |||||||||||||||||eng|d
082 0 4 |a 515.35  |b SHU  |2 21 
100 0 |a Shub, Michael  |e author  |9 305070 
700 0 |a Fathi, Albert  |e author  |9 305071 
700 0 |a Langevin, Remi  |e author  |9 305072 
245 1 0 |a Global stability of dynamical system 
300 |a 150 p 
942 |c BK 
945 |d 19911024 00:00:00 
260 |a Nueva York  |b Springer-Verlag  |c 1987 
650 0 |a Sistemas dinámicos diferenciales   |9 263372 
650 7 |a DINAMICA TOPOLOGICA  |2 CL-VaPUC  |9 270550 
583 |a last modification  |c 19911024 00:00:00  |k Rodrigo Vera 
999 |c 216094  |d 216092 
952 |0 0  |1 0  |4 0  |6 515_350000000000000_SHU_1987  |7 0  |8 A  |9 201555  |a BIBMAT  |b BIBMAT  |d 2019-11-14  |i 2688050  |l 6  |m 2  |o 515.35 SHU 1987  |p 2688050  |r 2025-01-07  |s 2024-08-16  |w 2019-11-14  |y BK  |k MAT